Sports Quiz

Random Sports or NFL Quiz

NFL Super Bowl Losing Coaches Quiz Stats

 Plays Quiz Updated Feb 10, 2021

Support Sporcle.
Go Orange.
Score 0/36 Timer 05:00
0 Plays Today
Super Bowl(s) Coach % Correct
42, 46, 52Bill Belichick
87.1%
47Jim Harbaugh
84.7%
49Pete Carroll
84.6%
39, 55Andy Reid
83.8%
41Lovie Smith
82.9%
54Kyle Shanahan
80.1%
32, 40Mike Holmgren
79.9%
34Jeff Fisher
76.8%
50Ron Rivera
76.4%
38, 48John Fox
75.7%
30Bill Cowher
75.2%
3, 6, 17, 19Don Shula
74.7%
31Bill Parcells
74.3%
5, 10, 13Tom Landry
74.2%
53Sean McVay
71.1%
25, 26, 27, 28Marv Levy
69.3%
18Joe Gibbs
66%
21, 22, 24, 33Dan Reeves
65.2%
Super Bowl(s) Coach % Correct
15Dick Vermeil
64.7%
36Mike Martz
60.5%
43Ken Whisenhunt
59.4%
1Hank Stram
59.3%
51Dan Quinn
56.6%
45Mike Tomlin
53.1%
35Jim Fassel
46.9%
37Bill Callahan
45.9%
4, 8, 9, 11Bud Grant
44.4%
44Jim Caldwell
43.1%
23Sam Wyche
39.8%
7George Allen
31.7%
29Bobby Ross
26.4%
16Forrest Gregg
22%
20Raymond Berry
21.1%
12Red Miller
14.2%
14Ray Malavasi
9.6%
2John Rauch
8%

You're not logged in!

Compare scores with friends on all Sporcle quizzes.
OR
Log In
Forgot?

From the Vault

Map Criteria II

by Barbecue

Geography 45s
Other important criteria include knowing where they are on a map.
Remove Ads.
Support Sporcle.
Get the best of Sporcle when you Go Orange. This ad-free experience offers more features, more stats, and more fun while also helping to support Sporcle. Thank you for becoming a member.

Show Comments

Extras

Top Quizzes Today


Score Distribution

Your Account Isn't Verified!

In order to create a playlist on Sporcle, you need to verify the email address you used during registration. Go to your Sporcle Settings to finish the process.

Report this User

Report this user for behavior that violates our Community Guidelines.

Details: